[Event "Niederbayernliga 0910"]
[Site "Germany"]
[Date "2010.03.21"]
[Round "8.8"]
[White "Stockinger, Thomas"]
[Black "Jahrstorfer, Albert"]
[Result "1/2-1/2"]
[WhiteElo "1421"]
[BlackElo "1575"]
[PlyCount "80"]
[EventDate "2009.10.18"]
[EventType "team-tourn"]
[EventRounds "9"]
[EventCountry "GER"]
[SourceTitle "EXT 2011"]
[Source "ChessBase"]
[SourceDate "2010.11.26"]
[SourceVersion "1"]
[SourceVersionDate "2010.11.26"]
[SourceQuality "1"]
[WhiteTeam "Roehrnbach"]
[BlackTeam "Landau Dingolfing"]
[WhiteTeamCountry "GER"]
[BlackTeamCountry "GER"]

1. d4 d5 2. Nf3 Nf6 3. e3 Bg4 4. Bd3 e6 5. c3 c6 6. Nbd2 Qc7 7. 0-0 Bd6 8. e4 Bxh2+ 9. Kh1 dxe4 10. Nxe4 Nxe4 11. Bxe4 Bf4 12. g3 Bxc1 13. Rxc1 Nd7 14. Kg2 f5 15. Bd3 0-0-0 16. Qc2 Bxf3+ 17. Kxf3 g6 18. Kg2 e5 19. Rfe1 e4 20. Bc4 Nf6 21. a4 h5 22. Qd2 Qg7 23. Qf4 Nd5 24. Bxd5 Rxd5 25. Rh1 g5 26. Qd2 h4 27. c4 Qxd4 28. Qxg5 Rdd8 29. Qxf5+ Kb8 30. Qf4+ Ka8 31. Rxh4 Rhf8 32. Qe3 Qxb2 33. Rf1 Qc2 34. Rxe4 Qxa4 35. Rd4 Rxd4 36. Qxd4 Qc2 37. Qc5 Qe4+ 38. f3 Qe8 39. Ra1 a6 40. Ra2 Rh8 1/2-1/2